A qui est ce sabre laser ? - Statistiques

Statistiques générales
  • Ce quiz a été pris 31 fois
    20 depuis la dernière actualisation
  • Le résultat moyen est 9 sur 16
Statistiques - réponses
Par images Réponse % Correct
Anakin Skywalker / Luke Skywalker / Rey
100%
Dark Maul
94%
Dooku
94%
Obi-Wan Kenobi
94%
Kylo Ren
88%
Yoda
88%
Dark Vador
76%
Mace Windu
76%
Ahsoka Tano
71%
Qui-Gon Jinn
59%
Cal Kestis
35%
Dark Malgus
24%
Kanan Jarrus
18%
Satele Shan
12%
Starkiller
12%
Shin Hati
0%
Aucun quiz correspondant
Distribution des résultats
% des personnes avec chaque résultat
Percentile par nombre de réponses
Votre historique - résultats
Vous n’avez pas pris ce quiz depuis la dernière actualisation